Konflik Palestin & Israel : peluru lawan batu

Bibliographic Details
Main Author: Maszlee Malik
Format: Book
Published: Selangor : Karya Bestari , 2007
Subjects:

MARC

LEADER 00000cam a2200000 7i4500
001 0000024085
005 20081121.0
008 081121
020 |a 9678602695 
090 0 0 |a 956   |b MAS 
100 0 |a Maszlee Malik 
245 1 0 |a Konflik Palestin & Israel :   |b peluru lawan batu   |c Maszlee Malik 
260 |a Selangor :   |b Karya Bestari ,   |c 2007 
650 0 |a Arab-Israel conflict 
650 0 |a Jewish   |z Arab relations 
999 |a 0001037915   |b Book   |c Adult Collection   |e Perbadanan Perpustakaan Awam Johor 
999 |a 0001037916   |b Book   |c Adult Collection   |e Cawangan Sri Merlong 
999 |a 0001048227   |b Book   |c Adult Collection   |e Cawangan Urban Transformation Centre